| 000 | 00553nam a2200157 a 4500 | ||
|---|---|---|---|
| 001 | 000026203 | ||
| 005 | 20240305082246.0 | ||
| 008 | 110304s1989 dr 000 0 spa d | ||
| 040 |
_aDO-SdBNP _bspa _cBNPHU |
||
| 100 | 1 |
_aPérez Memén, Fernando, _d1943- _938744 |
|
| 245 | 1 | 0 |
_aNuestra primera utopía (y otros ensayos históricos) / _cFernando Pérez Memén. |
| 260 |
_aSanto Domingo : _bUniversidad Tecnologíca de Santiago, _c1989. |
||
| 300 |
_a97 P. ; _c22 cm. |
||
| 500 | _aIncluye datos biográficos del autor en la contracubierta | ||
| 049 | _aBNPD | ||
| 999 |
_c25695 _d25695 |
||